Statistiques concernant Planètes de Star Wars (ép 1-8)

Cliquez ici pour prendre le quiz!

Statistiques générales

  • Ce quiz a été pris 377 fois
    (340 depuis la dernière actualisation)
  • Le résultat moyen est 11 sur 20

Statistiques - réponses

Planètes% Correct
Tatooine
93%
Naboo
90%
Coruscant
85%
Endor
82%
Hoth
80%
Mustafar
75%
Géonosis
66%
Kamino
61%
Dagobah
60%
Jakku
57%
Yavin 4
56%
Bespin
52%
Alderaan
50%
Kashyyyk
41%
Utapau
40%
Crait
28%
Takodana
21%
Ahch-To
14%
D'Qar
13%
Cantonica
8%

Distribution des résultats

Percentile par nombre de réponses

% des personnes avec chaque résultat

Votre développement - résultats

Vous n’avez pas pris ce quiz depuis la dernière actualisation